Atlas ilustrado de los pueblos de indios (Record no. 1774)

MARC details
000 -CABECERA
campo de control de longitud fija 01420nam a2200277 a 4500
001 - NÚMERO DE CONTROL
campo de control BRCA_2007
005 - FECHA Y HORA DE LA ÚLTIMA TRANSACCIÓN
campo de control 20190320203632.0
008 - DATOS DE LONGITUD FIJA--INFORMACIÓN GENERAL
campo de control de longitud fija 130608s2005----mx-ab#####---#000-0#spa-#
020 ## - NÚMERO INTERNACIONAL ESTÁNDAR DEL LIBRO
Número Internacional Estándar del Libro 9681211979
041 ## - CÓDIGO DE LENGUA
Código de lengua del texto/banda sonora o título independiente spa
044 ## - CÓDIGO DEL PAÍS DE LA ENTIDAD EDITORA/PRODUCTORA
Código MARC del país mx
050 #4 - SIGNATURA TOPOGRÁFICA DE LA BIBLIOTECA DEL CONGRESO
Número de clasificación G1546
Número de documento/Ítem .T36 2005
100 1# - ENTRADA PRINCIPAL--NOMBRE DE PERSONA
Nombre de persona Tanck de Estrada, Dorothy
9 (RLIN) 6145
245 10 - MENCIÓN DE TÍTULO
Título Atlas ilustrado de los pueblos de indios
Resto del título Nueva España, 1800
Mención de responsabilidad, etc. Dorothy Tanck de Estrada ; mapas de Jorge Luis Miranda García y Dorothy Tanck de Estrada ; con la colaboración de Tania Lilia Chávez Soto.
260 ## - PUBLICACIÓN, DISTRIBUCIÓN, ETC.
Lugar de publicación, distribución, etc. México
Nombre del editor, distribuidor, etc. El Colegio de México ; El Colegio Mexiquense
Fecha de publicación, distribución, etc. 2005
300 ## - DESCRIPCIÓN FÍSICA
Extensión xv, 269 p.
Otras características físicas il. a color, mapas
Dimensiones 31 cm
Material acompañante/anejo 1 CD-Rom
500 ## - NOTA GENERAL
Nota general Incluye lista de mapas, índice de los pueblos de indios y apéndice: ciudades y villas en el atlas
500 ## - NOTA GENERAL
Nota general Patrocinadores de la investigación y de la elaboración de la cartografía El Colegio de México, El Colegio Mexiquense, A.C., Consejo Nacional de Ciencia y Tecnología (CONACYT), National Geographic Society, Washington, D.C.
504 ## - NOTA DE BIBLIOGRAFÍA, ETC.
Nota de bibliografía, etc. Bibliografía: p. 262-266
650 14 - PUNTO DE ACCESO ADICIONAL DE MATERIA--TÉRMINO DE MATERIA
Término de materia o nombre geográfico como elemento de entrada Indios de México
Subdivisión de forma Tenencia de la tierra
Subdivisión general Historia
Subdivisión cronológica Siglo XVIII
9 (RLIN) 6146
650 14 - PUNTO DE ACCESO ADICIONAL DE MATERIA--TÉRMINO DE MATERIA
Término de materia o nombre geográfico como elemento de entrada Indios de México
Subdivisión de forma Mapas
Subdivisión general Historia
Subdivisión cronológica Siglo XVIII
Subdivisión geográfica México
9 (RLIN) 6147
651 #4 - PUNTO DE ACCESO ADICIONAL DE MATERIA--NOMBRE GEOGRÁFICO
Nombre geográfico México
Subdivisión de forma Mapas
Subdivisión general Colonia española
Subdivisión cronológica 1540-1810
9 (RLIN) 6148
700 1# - PUNTO DE ACCESO ADICIONAL--NOMBRE DE PERSONA
Nombre de persona Miranda García, Jorge Luis
9 (RLIN) 6149
700 1# - PUNTO DE ACCESO ADICIONAL--NOMBRE DE PERSONA
Nombre de persona Chávez Soto, Tania Lilia
9 (RLIN) 6150
942 ## - ELEMENTOS DE PUNTO DE ACCESO ADICIONAL (KOHA)
Fuente del sistema de clasificación o colocación Library of Congress Classification
Tipo de ítem Koha Libros
Holdings
Estado de retiro Estado de pérdida Estado dañado No para préstamo Localización permanente Ubicación/localización actual Fecha de adquisición Total de préstamos Signatura topográfica completa Código de barras Fecha visto por última vez Precio válido a partir de Tipo de ítem Koha
El ejemplar forma parte de la colección y puede ser consultado según las políticas vigentes.       Biblioteca del Museo Franz Mayer (Rogerio Casas-Alatriste) Biblioteca del Museo Franz Mayer (Rogerio Casas-Alatriste) 30/07/2008   G1546 .T36 2005 02509 22/03/2019 22/03/2019 Libros